Modern Indian Education / (Record no. 202584)

MARC details
000 -LEADER
fixed length control field 00535 a2200193 4500
005 - DATE AND TIME OF LATEST TRANSACTION
control field 20240502162808.0
010 ## - LCCN (DPL NO)
LC control number B-758847
020 ## - INTERNATIONAL STANDARD BOOK NUMBER
International Standard Book Number 8175410825
Terms of availability 450.00
035 ## - SYSTEM CONTROL NUMBER
System control number B-758847
037 ## - SOURCE OF ACQUISITION
Source of stock number/acquisition Gift/Unesco
082 ## - DEWEY DECIMAL CLASSIFICATION NUMBER
Classification number 379.54
100 ## - MAIN ENTRY--PERSONAL NAME
Personal name Aggarwal, J.C.
245 ## - TITLE STATEMENT
Title Modern Indian Education /
Remainder of title J.C. Aggarwal
260 ## - PUBLICATION, DISTRIBUTION, ETC. (IMPRINT)
Place of publication, distribution, etc Delhi
Name of publisher, distributor, etc Shipra
Date of publication, distribution, etc 2001
270 ## - ADDRESS
Address Delhi
300 ## - PHYSICAL DESCRIPTION
Extent 184 p.;
Dimensions 22cm. (pb)
942 ## - ADDED ENTRY ELEMENTS (KOHA)
Institution code [OBSOLETE] dpl
Item type English Books
Source of classification or shelving scheme Dewey Decimal Classification
Classification part 379.54
Call number suffix AGG
Holdings
Withdrawn status Lost status Not for loan Collection code Home library Current library Date acquired Source of acquisition Cost, normal purchase price Full call number Barcode Copy number Cost, replacement price Koha item type Public note
      Non-fiction Central Jail Tihar Central Jail Tihar 02/05/2024 Gift/29.4.24 450.00 379.54 AGG B-758847 1 450.00 English Books Gift

© Delhi Public Library
Hit Counter
free hit counter